| 000 | 00694nam a22002057a 4500 | ||
|---|---|---|---|
| 003 | OSt | ||
| 005 | 20150408114028.0 | ||
| 008 | 120505s2011 jo ||||| b 00| 0 ara d | ||
| 040 | _cMU | ||
| 082 |
_221 _a658.8 _bج ع إ |
||
| 100 |
_aالجياشي، علي عبد الرضا. _912320 |
||
| 245 |
_aإدارة المبيعات / _cعلي عبد الرضا الجياشي. |
||
| 250 | _aط. 1. | ||
| 260 |
_aعمان، الأردن : _bجهينة، _c2011. |
||
| 300 |
_a358 ص. : _bأشكال، جداول ؛ _c24 سم. |
||
| 504 | _aببليوجرافية : ص. 353-358. | ||
| 650 |
_aإدارة المبيعات. _912321 |
||
| 650 |
_aإدارة التسويق. _912322 |
||
| 942 |
_2ddc _cDVD |
||
| 999 |
_c22566 _d257066 |
||